Statistics for Avril Lavigne's VEVO Certified Music Videos

Click here to take the quiz!

General Stats

  • This quiz has been taken 84 times
    (40 since last reset)
  • The average score is 10 of 16

Answer Stats

ViewsMusic Video% Correct
657M+Girlfriend
100%
684M+Complicated
94%
261M+Sk8er Boi
91%
203M+Hello Kitty
74%
244M+Smile
74%
263M+My Happy Ending
69%
382M+What The Hell
66%
271M+I'm With You
63%
214M+Here's to Never Growing Up
51%
138M+Nobody's Home
51%
501M+Wish You Were Here
51%
532M+When You're Gone
49%
131M+Head Above Water
46%
118M+Rock N Roll
40%
154M+Hot
37%
229M+Let Me Go (feat. Chad Kroeger)
37%

Score Distribution

Percentile by Number Answered

Percent of People with Each Score

Your Score History

You have not taken this quiz since the last reset